Literatura 5 es, una perspectiva realista y fantástica /
Guardado en:
| Autor Principal: | |
|---|---|
| Formato: | Libro |
| Publicado: |
Buenos Aires :
Estrada,
2015
|
| Series: | Huellas
|
| Materias: | |
| Etiquetas: |
Agregar Etiqueta
Sin Etiquetas, Sea el primero en etiquetar este registro!
|
| LEADER | 01078nam a22002775a 4500 | ||
|---|---|---|---|
| 001 | CEM.cems014634 | ||
| 005 | 20190516114337.0 | ||
| 008 | 130507s2015##################000#0#####d | ||
| 003 | CEMS | ||
| 020 | |a 9789500106412 | ||
| 082 | 0 | 4 | |a 468 |
| 100 | 1 | |a Croci, Paula | |
| 245 | 1 | 0 | |a Literatura 5 es, una perspectiva realista y fantástica / |c Paula Croci ... y Otros |
| 260 | |a Buenos Aires : |b Estrada, |c 2015 | ||
| 300 | |a 208 p. | ||
| 490 | 0 | |a Huellas | |
| 505 | 0 | |a La ley -- La identidad -- Los amores -- La tierra -- Las revoluciones -- Dossier de literatura por movimientos | |
| 653 | |a Literatura | ||
| 653 | |a Texto escolar | ||
| 653 | |a Literatura realista | ||
| 653 | |a Literatura fantástica | ||
| 859 | |a CEMS |b BIB. CEMS - 11 de abril |h 468 |i C871 |p 27226.15 |t Ej.1 |v 5 |3 5 | ||
| 859 | |a CEMS |b BIB. CEMS - 11 de abril |h 468 |i C871 |p 27227.15 |t Ej.2 |v 5 |3 5 | ||
| 859 | |a CEMS |b BIB. CEMS - 11 de abril |h 468 |i C871 |p 27228.15 |t Ej.3 |v 5 |3 5 | ||
| 859 | |a CEMS |b BIB. CEMS - 11 de abril |h 468 |i C871 |p 27629.18 |t Ej.4 |v 5 |3 5 | ||
| 859 | |a CEMS |b BIB. CEMS - 11 de abril |h 468 |i C871 |p 27630.18 |t Ej.5 |v 5 |3 5 | ||
